| 000 | 01027 a2200205 4500 | ||
|---|---|---|---|
| 001 | 25234 | ||
| 005 | 20260407155536.0 | ||
| 008 | 260407a1990 arg spa d | ||
| 003 | AR-UNSa-BCEJYS | ||
| 040 |
_aAR-UNSa-BCEJYS _bspa _cAR-UNSa-BCEJYS |
||
| 080 |
_a336.2 _xIngresos públicos (Derecho tributario) |
||
| 245 | 1 | 0 | _aLa interpretación de las leyes tributarias |
| 020 | _a950-20-0584-6 | ||
| 264 | 1 |
_aBuenos Aires : _bAbeledo Perrot _c1990 |
|
| 300 |
_a80 p. _c17 cm. |
||
| 505 | _a1. Advertencia - 2. Aspectos generales de interpretación - 3. Los principios in dubio contra fiscum, in dubio pro fiscum - 4. Métodos de la ley 11.683 - 5. Los artículos 11 y 12 de la ley 11.683 - 6. La interpretación de las exenciones tributarias - 7. La interpretación analógica de la ley tributaria - 8. Facultades de interpretación del director general de la Dirección General Impositiva - 9. El régimen de consultas. | ||
| 942 | _cBK | ||
| 590 | _aniveau_biblio:m niveau_hierar:0 | ||
| 100 | 1 | _aSanz de Urquiza, Fernando G. | |
| 999 |
_c1341 _d1341 |
||